000 00958nam a22001937a 4500
005 20250407114320.0
010 _aHIN-129637
020 _a9789357376617
_c500.00
035 _aHN-101983
037 _bDBAD
082 _a709.54
100 _aराजाराम
_980359
245 _aकला- आलोचना के आयाम/
_cप्रो.राजाराम, बिनय षड़गी राजाराम.
260 _aभोपाल
_bसप्तवाणी
_c2023
270 _aसूर्या परिसर, सर्वधर्म सी- सेक्टर, कोलार मार्ग, भोपाल
_bमुखर्जी नगर
_e462042
_k9826051959
_msaptavarnisodhpeeth@gmail.com
300 _axxi,172पृ.
_c22सेमी (सजिल्द )
700 _aबिनय षड़गी राजाराम
_980360
942 _2ddc
_cHN
_h709.54
_mराजारा
_eप्रथम
999 _c210844
_d210844